Badlate privesh mein Bharatiya nari ka shaikshik adhyayan (Record no. 88575)

MARC details
000 -LEADER
fixed length control field 00364nam a2200145Ia 4500
008 - FIXED-LENGTH DATA ELEMENTS--GENERAL INFORMATION
fixed length control field 230917s9999||||xx |||||||||||||| ||und||
040 ## - CATALOGING SOURCE
-- 198162
Original cataloging agency VIVEKANANDA LIBRARY
041 ## - Language
-- English
082 ## - DDC NUMBER
Classification number 370 C443B
100 ## - MAIN ENTRY--PERSONAL NAME
Personal name Chhippi, Santosh
245 #0 - TITLE STATEMENT
Title Badlate privesh mein Bharatiya nari ka shaikshik adhyayan
260 ## - PUBLICATION, DISTRIBUTION, ETC. (IMPRINT)
Place of publication, distribution, etc Rohtak
Date of publication, distribution, etc 2001
300 ## - PHYSICAL DESCRIPTION
Pages 67 p.
942 ## - ADDED ENTRY ELEMENTS (KOHA)
Koha item type Thesis
Holdings
Withdrawn status Lost status Damaged status Not for loan Location (home branch) Sublocation or collection (holding branch) Date acquired Koha issues (times borrowed) Koha full call number Accession No. Koha date last seen Koha item type
        VIVEKANANDA LIBRARY VIVEKANANDA LIBRARY 27/04/2012   370 C443B 168945 17/09/2023 Thesis
© Designed and Maintained by Vivekananda Library, MDU Rohtak